BASIC BIOMECHANICS OF THE MUSCULOSKELETAL SYSTEM (Record no. 8399)

MARC details
000 -LEADER
fixed length control field 00493nam a22001817a 4500
005 - DATE AND TIME OF LATEST TRANSACTION
control field 20230821114504.0
008 - FIXED-LENGTH DATA ELEMENTS--GENERAL INFORMATION
fixed length control field 230818b |||||||| |||| 00| 0 eng d
020 ## - INTERNATIONAL STANDARD BOOK NUMBER
ISBN 978-1-975-175-33-7
041 ## - LANGUAGE CODE
Language code of text/sound track or separate title eng
082 ## - DEWEY DECIMAL CLASSIFICATION NUMBER
Classification number 612.76 NOR-B
100 ## - MAIN ENTRY--AUTHOR NAME
Personal name NORDIN, MARGARETA AND FRANKEL, VICTOR H
245 ## - TITLE STATEMENT
Title BASIC BIOMECHANICS OF THE MUSCULOSKELETAL SYSTEM
250 ## - EDITION STATEMENT
Edition statement 5TH ED,2022
260 ## - PUBLICATION, DISTRIBUTION, ETC. (IMPRINT)
Place of publication PHILADELPHIA
Name of publisher WOLTERS KLUWER
Year of publication 2022
300 ## - PHYSICAL DESCRIPTION
Number of Pages 499;p
650 ## - SUBJECT ADDED ENTRY--TOPICAL TERM
Topical Term BPT
942 ## - ADDED ENTRY ELEMENTS (KOHA)
Koha item type Books
Holdings
Lost status Damaged status Collection code Home library Current library Shelving location Date acquired Source of acquisition Cost, normal purchase price Full call number Accession Number Koha item type
    Reference JRU Library JRU Library SHELF-20-B 05/08/2023 PURCHASE [LBI] 9943.12 612.76 NOR-B 27933 Books